John L. Gokongwei, Jr. : (Record no. 16305)
[ view plain ]
| 000 -LEADER | |
|---|---|
| fixed length control field | 00713nam a22002417a 4500 |
| 003 - CONTROL NUMBER IDENTIFIER | |
| control field | FEu |
| 005 - DATE AND TIME OF LATEST TRANSACTION | |
| control field | 20140310182817.0 |
| 008 - FIXED-LENGTH DATA ELEMENTS--GENERAL INFORMATION | |
| fixed length control field | 130301t xxu||||| |||| 00| 0 eng d |
| 020 ## - INTERNATIONAL STANDARD BOOK NUMBER | |
| International Standard Book Number | 9789710358151 |
| 020 ## - INTERNATIONAL STANDARD BOOK NUMBER | |
| International Standard Book Number | 9710358168 |
| 050 ## - LIBRARY OF CONGRESS CALL NUMBER | |
| Classification number | HB 615 |
| Item number | .K45 2008 |
| 100 ## - MAIN ENTRY--PERSONAL NAME | |
| Personal name | Khanser, Marites A. |
| 245 ## - TITLE STATEMENT | |
| Title | John L. Gokongwei, Jr. : |
| Remainder of title | the path of entrepreneurship / |
| Statement of responsibility, etc | Marites A. Khanser |
| 260 ## - PUBLICATION, DISTRIBUTION, ETC. (IMPRINT) | |
| Place of publication, distribution, etc | Quezon City : |
| Name of publisher, distributor, etc | Loyola Schools, Ateneo de Manila University, |
| Date of publication, distribution, etc | 2008. |
| 300 ## - PHYSICAL DESCRIPTION | |
| Extent | 244 p. : |
| Other physical details | ill. ; |
| Dimensions | 24 cm. |
| 521 ## - TARGET AUDIENCE NOTE | |
| Target audience note | |
| 562 ## - COPY AND VERSION IDENTIFICATION NOTE | |
| Number of copies | 1 |
| 650 ## - SUBJECT ADDED ENTRY--TOPICAL TERM | |
| Topical term or geographic name as entry element | Businesspeople |
| General subdivision | Philippines |
| 650 ## - SUBJECT ADDED ENTRY--TOPICAL TERM | |
| Topical term or geographic name as entry element | Entrepreneurship |
| General subdivision | Philippines |
| 650 ## - SUBJECT ADDED ENTRY--TOPICAL TERM | |
| Topical term or geographic name as entry element | Gokongwei, John L. |
| 942 ## - ADDED ENTRY ELEMENTS (KOHA) | |
| Source of classification or shelving scheme | Library of Congress Classification |
| Koha item type | Books |
| Call number prefix | Local |
| Withdrawn status | Lost status | Source of classification or shelving scheme | Damaged status | Home library | Current library | Shelving location | Date acquired | Total Checkouts | Full call number | Barcode | Date last seen | Copy number | Price effective from | Koha item type |
|---|---|---|---|---|---|---|---|---|---|---|---|---|---|---|
| Library of Congress Classification | College Library | College Library | General Circulation Section | 03/01/2013 | HB 615 .K45 2008 | C15307 | 05/15/2018 | 1 | 03/01/2013 | Books |